Statistiken für Top 15 der betroffenen Covid-19-Länder - 1. Juli 2022

Klicken Sie hier um das Quiz zu spielen!

Allgemein

  • Dieses Quiz wurde 44 mal gespielt
  • Das Durchschnittsergebnis liegt bei 15 aus 29

Antwortstatistiken

Land% Korrekt
Deutschland
98%
Vereinigte Staaten
98%
Frankreich
88%
Italien
88%
Spanien
88%
Japan
83%
Russland
83%
Indien
74%
Brasilien
71%
Portugal
71%
Österreich
67%
Vereinigtes Königreich
67%
Schweiz
64%
Argentinien
55%
Türkei
52%
Niederlande
48%
Niederlande
48%
Belgien
45%
Südkorea
45%
Dänemark
40%
Tschechien
36%
Slowenien
31%
Vietnam
19%
Estland
17%
Lettland
17%
Israel
14%
Litauen
14%
Georgien
5%
Zypern
5%

Verteilung der Resultate

Perzentil nach korrekt beantworteten Fragen

Anzahl Personen mit jedem Resultat

Ihre Resultats-Entwicklung

Sie haben dieses Quiz noch nicht gespielt